Nommez un pays frontalier - Statistiques

Statistiques générales
  • Ce quiz a été pris 630 fois
  • Le résultat moyen est 19 sur 20
Statistiques - réponses
Pays Pays frontalier % Correct
Brésil Argentine | Bolivie | Colombie | France | Guyana | Paraguay | Pérou | Suriname | Uruguay | Venezuela
100%
Italie Autriche | France | Saint-Marin | Slovénie | Suisse | Vatican
100%
Pays-Bas Belgique | Allemagne | France
100%
Iran Afghanistan | Arménie | Azerbaïdjan | Irak | Pakistan | Turkmenistan | Turquie
99%
Maroc Algérie | Espagne | Mauritanie
99%
Tunisie Algérie | Libye
99%
Corée du Nord Chine | Coréé du Sud | Russie
99%
Canada États-Unis
99%
Suède Finlande | Norvège
99%
Chili Argentine | Bolivie | Pérou
98%
Lituanie Biélorussie | Lettonie | Pologne | Russie
98%
Grèce Albanie | Bulgarie | Macédoine du Nord | Turquie
96%
Mongolie Chine | Russie
96%
Égypte Israël | Libye | Soudan
96%
Birmanie Bangladesh | Chine | Inde | Laos | Thaïlande
95%
Cambodge Laos | Thaïlande | Viêt Nam
95%
République du Congo Angola | Cameroun | Gabon | République centrafricaine | R.D. Congo
94%
Guatemala Belize | Honduras | Mexique | Salvador
94%
Côte d'Ivoire Burkina Faso | Ghana | Guinée | Liberia | Mali
90%
Panama Colombie | Costa Rica
90%
Aucun quiz correspondant
Distribution des résultats
% des personnes avec chaque résultat
Percentile par nombre de réponses
Votre historique - résultats
Vous n’avez pas pris ce quiz